000 00710nam a2200289Ia 4500
005 20260324122947.0
008 008 260324s9999 xx 000 0 eng d
020 _a9780429163807
037 _aEBOOK
040 _aCRL
040 _beng
040 _cCRL
041 _2eng
041 _aeng
084 _qCRL
100 _aTyson Macaulay; Bryan L. Singer
_91168494
245 0 _aCybersecurity for Industrial Control Systems
245 0 _bSCADA, DCS, PLC, HMI, and SIS
260 _bTaylor and Francis
260 _c2012
365 _a
365 _b180
856 _uhttp://www.taylorfrancis.com/books/9780429163807
942 _cEBOOK
999 _c1761595
_d1761595